00397 a2200145 4500001000700000003000400007005001700011008004100028082001900069100002100088245008000109260003600189300001000225700001600235066954OSt20211022115911.0  a658.0072bB93B1 aBurns, Robert B.1 aBusiness research methods and statisticscby Robert B. Burns and R.A. Burns aLondonbSage Publicationsc2008 a544p. aBurns, R.A.